01080nam a2200289 a 4500001001000000003000900010005001700019007001000036008004100046020001800087040002200105082002300127100005600150245007000206250001200276260004600288300002100334490002200355500005900377500005800436650002800494650002000522651007800542651008200620651006600702830002200768000037922DO-SdBNP20171018082955.0000037922130308s2010 dr 001 0 spa d a9789945449235 aBPMSUbspacBPMSU a248.4bR788m, 20101 aRosa y Carpio, Ramón Benito de la,cMons.,d1939-10aMás allá de un momento /cRamón Benito de la Rosa y Carpio. a2ª ed. aSanto Domingo :bGráficas ITESA,c2010. a237 p. ;c22 cm.1 aLibros de la Rosa aIncluye índice de nombres, analítico y de lugares. aIncluye datos biográficos del autor en las solapas. 4aEJERCICIOS ESPIRITUALES 4aVIDA ESPIRITUAL 4aREPÚBLICA DOMINICANAxCONDICIONES SOCIALESxENSAYOS, CONFERENCIAS, ETC. 4aREPÚBLICA DOMINICANAxVIDA SOCIAL Y COSTUMBRESxENSAYOS, CONFERENCIAS, ETC. 4aREPÚBLICA DOMINICANAxHISTORIAxENSAYOS, CONFERENCIAS, ETC. 0aLibros de la Rosa